Concurso Avícola de Puesta al Azar
Descripción Física:
2 v. ; 22 cm
Materias:
Ous -- Producció -- Concursos
MARC
| LEADER | 00000nam a2200000Ia 4500 | ||
|---|---|---|---|
| 001 | 10191, 8850 | ||
| 003 | BGR | ||
| 005 | 20260324175251.0 | ||
| 008 | 160829s9999 xx 000 0 cat d | ||
| 080 | |a FU-9-33, FU-9-34 | ||
| 100 | |a Concurso Avícola de Puesta al Azar |9 23975 | ||
| 245 | |a Concurso Avícola de Puesta al Azar | ||
| 260 | |a Barcelona : |b Diputación Provincial de Barcelona, Servicio de Ganadería, [196 - ?] | ||
| 300 | |a 2 v. ; |c 22 cm | ||
| 650 | |a Ous |x Producció |x Concursos |9 23976 | ||
| 710 | 1 | |a Barcelona (Catalunya : Província). |b Diputació |b Servei de Ramaderia |9 52408 | |
| 866 | |a 1o: 9 de marzo de 1960 al 13 de agosto de 1961, 2o: 10 de marzo de 1961 al 14 de agosto de 1962 | ||
| 901 | |a Arxiu | ||
| 942 | |n 1 |2 udc |c MON | ||
| 952 | |0 0 |1 0 |4 0 |6 FU933_FU934 |7 1 |9 42936 |a Arxiu |b Arxiu |d 2016-12-01 |l 0 |o FU-9-33, FU-9-34 |p 10191, 8850 |r 2016-12-01 00:00:00 |w 2016-12-01 |y ARXIU | ||
| 999 | |c 45442 |d 45442 | ||